Transistor circuits and applications (Record no. 24240)

000 -LEADER
fixed length control field 00473nam a22001811 4500
001 - CONTROL NUMBER
control field 24240
003 - CONTROL NUMBER IDENTIFIER
control field BD-DhUET
008 - FIXED-LENGTH DATA ELEMENTS--GENERAL INFORMATION
fixed length control field 840406s1957 nyua 000 0 eng
040 ## - CATALOGING SOURCE
Original cataloging agency DLC/ICU
Transcribing agency ICU
Modifying agency BD-DhUET
082 ## - DEWEY DECIMAL CLASSIFICATION NUMBER
Classification number 623.8151
Item number CAR/1957
100 ## - MAIN ENTRY--PERSONAL NAME
Personal name Carroll, John M.
245 10 - TITLE STATEMENT
Title Transistor circuits and applications
250 ## - EDITION STATEMENT
Edition statement 1st ed.
260 ## - PUBLICATION, DISTRIBUTION, ETC. (IMPRINT)
Place of publication, distribution, etc. New York
Name of publisher, distributor, etc. McGraw-Hill
Date of publication, distribution, etc. 1957
300 ## - PHYSICAL DESCRIPTION
Extent ix, 283 p.
Other physical details ill.
Dimensions 29 cm.
650 #0 - SUBJECT ADDED ENTRY--TOPICAL TERM
Topical term or geographic name as entry element Transistors : Radio
942 ## - ADDED ENTRY ELEMENTS (KOHA)
Koha item type Edited Book
Holdings
Withdrawn status Shelving location Source of classification or shelving scheme Copy number Koha date last seen Price effective from Date acquired Koha full call number Lost status Not for loan Damaged status Koha item type Sublocation or collection (holding branch) Piece designation (barcode) Koha normalized classification for sorting Location (home branch)
 Circulation section 12015-05-072015-05-072015-05-07623.8151/CAR/1957   Edited BookCentral Library, BUET26696623_815100000000000_CAR_1957Central Library, BUET
 Circulation section 22015-05-072015-05-072015-05-07623.8151/CAR/1957   Edited BookCentral Library, BUET26694623_815100000000000_CAR_1957Central Library, BUET
 Circulation section 32015-05-072015-05-072015-05-07623.8151/CAR/1957   Edited BookCentral Library, BUET26697623_815100000000000_CAR_1957Central Library, BUET